000 00322nam a22001457a 4500
008 180814b xxu||||| |||| 00| 0 eng d
020 _a0803931484
041 _aeng
080 _a616
082 _a616
100 _a9
101 _aPAT
245 _aChild psychopathology and the quest for control
942 _2udc
_cBK
999 _c47141
_d47141